Statistics for Fruit/Vegetable Word Scramble

Click here to take the quiz!

General Stats

  • This quiz has been taken 1,098 times
    (1,075 since last reset)
  • The average score is 13 of 15

Answer Stats

HintAnswer% Correct
IWIKKIWI
100%
BNANAABANANA
99%
EAPRPEAR
98%
BLCKABRRYEBLACKBERRY
97%
PELAPAPPLE
96%
YRREBWARTSSTRAWBERRY
96%
AWETRMLENOWATERMELON
96%
EULBYRREBBLUEBERRY
95%
LETUTECLETTUCE
94%
IELMLIME
94%
EGRANOORANGE
90%
PARIOCTAPRICOT
87%
NQIUECQUINCE
61%
TNARRUCCURRANT
59%
ELOMNLEMON/MELON
10%

Score Distribution

Percentile by Number Answered

Percent of People with Each Score

Your Score History

You have not taken this quiz since the last reset